000 00647nam a22002297a 4500
003 UA-OsUOA
001 98060
007 ta
008 20130409b un ||||| |||| 00| 0 ukr d
100 _aПанков А.
090 _a821.161.1
_bП16
942 _cBK
040 _aUA-OsUOA
_brus
_cUA-OsUOA
_dUA-OsUOA
245 _aВечное и злободневное
_bсовременная проза
300 _a367 с.
955 _a3
041 _arus
080 _a821.161.1
260 _aМ.
_bСоветский писатель
_c1981
650 7 _a82 Література. Літературознавство
_2UDC
999 _c385079
_d385079